Waste treatment and utilization: Theory and practice of waste management (Record no. 36049)

MARC details
000 -LEADER
fixed length control field 00317nam a2200109Ia 4500
082 ## - DEWEY DECIMAL CLASSIFICATION NUMBER
Classification number 628.54
Item number MOO
100 ## - MAIN ENTRY--AUTHOR NAME
Personal name Moo-Young, Murray
245 #0 - TITLE STATEMENT
Title Waste treatment and utilization: Theory and practice of waste management
260 ## - PUBLICATION, DISTRIBUTION, ETC. (IMPRINT)
Place of publication Oxford
Name of publisher Pergamon
Year of publication 1979
942 ## - ADDED ENTRY ELEMENTS (KOHA)
Koha item type Books
Holdings
Withdrawn status Lost status Damaged status Not for loan Home library Current library Date acquired Cost, normal purchase price Full call number Accession Number Koha item type
        RRII Library RRII Library 16/12/2021 72.00 628.54 MOO 16465 Books